| 000 | 00493nam a2200157 i 4500 | ||
|---|---|---|---|
| 001 | 59377 | ||
| 003 | ES-MaACL | ||
| 005 | 20230906164024.0 | ||
| 007 | t| | ||
| 008 | 031028s1921 sp ||||1| spa d | ||
| 100 | 1 |
_aElola, José de ( _d1859-1933) _947068 |
|
| 245 | 1 | 0 |
_aModernas brujerías de las ciencias _b: (charlas vulgares) / _cpor José de Elola "Coronel Ignotus" [seud.]. |
| 260 |
_aMadrid : _bRivadeneyra, _c1921. |
||
| 300 |
_a231 p., 18 lám. ; _c19 cm. |
||
| 852 |
_aES-MaACL _jF-210 |
||
| 999 |
_c59377 _d59377 |
||